| 000 -LEADER |
| fixed length control field |
00589nam a2200229Ia 4500 |
| 001 - CONTROL NUMBER |
| control field |
12021 |
| 003 - CONTROL NUMBER IDENTIFIER |
| control field |
GE_BSU |
| 008 - FIXED-LENGTH DATA ELEMENTS--GENERAL INFORMATION |
| fixed length control field |
181216s||||||||xx |||||||||||||| ||und|| |
| 040 ## - CATALOGING SOURCE |
| Transcribing agency |
GE_BSU |
| 080 ## - UNIVERSAL DECIMAL CLASSIFICATION NUMBER |
| Universal Decimal Classification number |
577.2 |
| 245 ## - TITLE STATEMENT |
| Title |
Molecular Biology and Biotechnology |
| 245 ## - TITLE STATEMENT |
| Statement of responsibility, etc. |
Edited by John M. Walker and Ralph Rapley |
| 250 ## - EDITION STATEMENT |
| Edition statement |
Fourth Edition |
| 260 ## - PUBLICATION, DISTRIBUTION, ETC. |
| Place of publication, distribution, etc. |
Cambridge |
| 260 ## - PUBLICATION, DISTRIBUTION, ETC. |
| Name of publisher, distributor, etc. |
Royal Society of Chemistry |
| 260 ## - PUBLICATION, DISTRIBUTION, ETC. |
| Date of publication, distribution, etc. |
2002 |
| 300 ## - PHYSICAL DESCRIPTION |
| Extent |
563p.ill.23cm. |
| 653 ## - INDEX TERM--UNCONTROLLED |
| Uncontrolled term |
Molecular Biology and Biotechnology |
| 653 ## - INDEX TERM--UNCONTROLLED |
| Uncontrolled term |
ბიოლოგია |
| 942 ## - ADDED ENTRY ELEMENTS (KOHA) |
| Koha item type |
წიგნი |